000 00338 a2200145 4500
999 _c12917
_d12917
003 OSt
005 20240725131032.0
008 240725b ||||| |||| 00| 0 eng d
020 _a9783899551549
082 _a720
100 _aJaybo
245 _aLord of Mess: My Head is a Visual Township
260 _bgestalten
_c2006
942 _2ddc